Karl David August Röder: ein biographischer Beitrag zur Geschichte des Strafvollzugs des 19. Jahrhunderts
| Main Author: | |
|---|---|
| Format: | Print Book |
| Language: | German |
| Published: |
1964
|
| In: | Year: 1964 |
| Availability in Tübingen: | Present in Tübingen. UB: US 65.5504 |
| Availability in Albert-Krebs Library: | NC.00.009 1996-250 |
| Check availability: | HBZ Gateway |
| Subito Delivery Service: | Order now. |
| Keywords: |
MARC
| LEADER | 00000cam a2200000 c 4500 | ||
|---|---|---|---|
| 001 | 1128263998 | ||
| 003 | DE-627 | ||
| 005 | 20251225180029.0 | ||
| 007 | tu | ||
| 008 | 970408s1964 xx ||||| m 00| ||ger c | ||
| 035 | |a (DE-627)1128263998 | ||
| 035 | |a (DE-576)058263993 | ||
| 035 | |a (DE-599)BSZ058263993 | ||
| 035 | |a (OCoLC)11462865 | ||
| 035 | |a (OCoLC)25021732 | ||
| 035 | |a (OCoLC)1050545413 | ||
| 040 | |a DE-627 |b ger |c DE-627 |e rakwb | ||
| 041 | |a ger | ||
| 082 | 0 | |a 343.2 | |
| 084 | |a 2,1 |2 ssgn | ||
| 100 | 1 | |a Schwieters, Joseph |d 1926-2019 |0 (DE-588)1146152957 |0 (DE-627)100771221X |0 (DE-576)180301721 |4 aut | |
| 109 | |a Schwieters, Joseph 1926-2019 | ||
| 245 | 1 | 0 | |a Karl David August Röder |b ein biographischer Beitrag zur Geschichte des Strafvollzugs des 19. Jahrhunderts |c von Joseph Schwieters |
| 264 | 1 | |c 1964 | |
| 300 | |a XXX, 269 S. |b Ill. | ||
| 336 | |a Text |b txt |2 rdacontent | ||
| 337 | |a ohne Hilfsmittel zu benutzen |b n |2 rdamedia | ||
| 338 | |a Band |b nc |2 rdacarrier | ||
| 502 | |a Münster, Univ., Diss., 1963 | ||
| 583 | 1 | |3 Signatur: O70A 290 |a Massenentsäuert |c 20181024 |i METE |2 pdager |5 DE-31 | |
| 583 | 1 | |a Archivierung/Langzeitarchivierung gewährleistet |f SLG |x XA-DE-BW |z Oberrhein |2 pdager |5 DE-31 | |
| 583 | 1 | |a Archivierung/Langzeitarchivierung gewährleistet |f SSG |x XA-DE-BW |2 pdager |5 DE-21 | |
| 650 | 4 | |a Strafvollzug |x Geschichte |7 (dpeaa)DE-2619 | |
| 650 | 4 | |a Röder, Karl David August <1806 - 1879> |7 (dpeaa)DE-2619 | |
| 655 | 7 | |a Hochschulschrift |0 (DE-588)4113937-9 |0 (DE-627)105825778 |0 (DE-576)209480580 |2 gnd-content | |
| 751 | |a Münster (Westf) |0 (DE-588)4040608-8 |0 (DE-627)818071567 |0 (DE-576)209041323 |4 uvp | ||
| 935 | |a mkri | ||
| 951 | |a BO | ||
| ELC | |b 1 | ||
| LOK | |0 000 xxxxxcx a22 zn 4500 | ||
| LOK | |0 001 2302600142 | ||
| LOK | |0 003 DE-627 | ||
| LOK | |0 004 1128263998 | ||
| LOK | |0 005 20050729000000 | ||
| LOK | |0 008 050729||||||||||||||||ger||||||| | ||
| LOK | |0 040 |a DE-21 |c DE-627 |d DE-21 | ||
| LOK | |0 852 |a DE-21 | ||
| LOK | |0 852 1 |c US 65.5504 |9 00 | ||
| LOK | |0 935 |a pro7 |a konv | ||
| LOK | |0 939 |a 29-07-05 |b l01 | ||
| LOK | |0 000 xxxxxcx a22 zn 4500 | ||
| LOK | |0 001 2302600150 | ||
| LOK | |0 003 DE-627 | ||
| LOK | |0 004 1128263998 | ||
| LOK | |0 005 20100521155107 | ||
| LOK | |0 008 990826||||||||||||||||ger||||||| | ||
| LOK | |0 040 |a DE-21-24 |c DE-627 |d DE-21-24 | ||
| LOK | |0 541 |e 64/1892: S III | ||
| LOK | |0 689 |a s |a Strafvollzug (Geschichte) | ||
| LOK | |0 689 |a s |a Röder, Karl Friedrich August | ||
| LOK | |0 689 |a s |a Strafvollzug (Deutschland: 19. Jh.) | ||
| LOK | |0 852 |a DE-21-24 | ||
| LOK | |0 852 1 |c J,VIa*5,16 |m p |9 00 | ||
| LOK | |0 852 2 |b S III |9 00 | ||
| LOK | |0 866 0 |z nur: S III | ||
| LOK | |0 935 |a ALAS | ||
| LOK | |0 936ln |a J,VIa*5, | ||
| LOK | |0 938 |k p | ||
| LOK | |0 939 |a 26-08-99 |b l01 | ||
| LOK | |0 000 xxxxxcx a22 zn 4500 | ||
| LOK | |0 001 2302600010 | ||
| LOK | |0 003 DE-627 | ||
| LOK | |0 004 1128263998 | ||
| LOK | |0 005 19980119000000 | ||
| LOK | |0 008 980119||||||||||||||||ger||||||| | ||
| LOK | |0 040 |a DE-Frei85 |c DE-627 |d DE-Frei85 | ||
| LOK | |0 852 |a DE-Frei85 | ||
| LOK | |0 852 1 |m p |9 00 | ||
| LOK | |0 938 |k p | ||
| LOK | |0 939 |a 19-01-98 |b l01 | ||
| LOK | |0 000 xxxxxcx a22 zn 4500 | ||
| LOK | |0 001 4196250971 | ||
| LOK | |0 003 DE-627 | ||
| LOK | |0 004 1128263998 | ||
| LOK | |0 005 20221011150403 | ||
| LOK | |0 008 221011||||||||||||||||ger||||||| | ||
| LOK | |0 035 |a (DE-2619)k00242 | ||
| LOK | |0 040 |a DE-2619 |c DE-627 |d DE-2619 | ||
| LOK | |0 092 |o n | ||
| LOK | |0 541 |e Bestand Albert-Krebs-Bibliothek: 1996-250 | ||
| LOK | |0 852 |a DE-2619 | ||
| LOK | |0 852 1 |c NC.00.009 |m p |9 00 | ||
| LOK | |0 935 |a kreb | ||
| LOK | |0 938 |k p | ||
| LOK | |0 939 |a 11-10-22 |b l01 | ||
| ORI | |a SA-MARC-krimdoka001.raw | ||
| SIG | |a UB: US 65.5504 | ||
